Welcome to the Holygrace Academy Library

Please use search bar below to get started

MOTHER (Record no. 3138)

MARC details
000 -LEADER
fixed length control field 00559nam a22001457a 4500
020 ## - INTERNATIONAL STANDARD BOOK NUMBER
ISBN 81-7564-437-0
082 ## - DEWEY DECIMAL CLASSIFICATION NUMBER
Classification number 823
Item number GOR/M
100 ## - MAIN ENTRY--AUTHOR NAME
Personal name GORKY, MAXIM
245 ## - TITLE STATEMENT
Title MOTHER
260 ## - PUBLICATION, DISTRIBUTION, ETC. (IMPRINT)
Place of publication DELHI
Name of publisher SAHINI PUBLICATIONS
Year of publication 2008
300 ## - PHYSICAL DESCRIPTION
Number of Pages 312
520 ## - SUMMARY, ETC.
Summary, etc The Mother portrays the typical life of a Russian factory woman: hard labor, poverty, hunger, and sickness. Nilovna's husband drinks heavily, physically abuses his wife, and dies early, leaving her to raise her only son, Pavel, who would repeat his father's life.
650 ## - SUBJECT ADDED ENTRY--TOPICAL TERM
Topical Term NOVEL
Geographic subdivision INDIA
942 ## - ADDED ENTRY ELEMENTS (KOHA)
Koha item type Books
Holdings
Withdrawn status Lost status Collection code Home library Current library Shelving location Date acquired Source of acquisition Cost, normal purchase price Full call number Accession Number Koha item type
    Fiction Main Library Main Library SHELF-14E- ALPHABETICAL -E,F,G --ENGLISH NOVELS & FICTIONS 19/06/2010 purchase 125.00 823 GOR/M 05442 Books